LEADER 04298nam 2200721 a 450 001 9910779670103321 005 20200520144314.0 010 $a1-5017-4851-3 010 $a0-8014-6778-0 010 $a0-8014-6779-9 024 7 $a10.7591/9780801467790 035 $a(CKB)2550000001038595 035 $a(OCoLC)828736639 035 $a(CaPaEBR)ebrary10650186 035 $a(SSID)ssj0000819719 035 $a(PQKBManifestationID)11436088 035 $a(PQKBTitleCode)TC0000819719 035 $a(PQKBWorkID)10857050 035 $a(PQKB)11723162 035 $a(StDuBDS)EDZ0001503907 035 $a(MiAaPQ)EBC3138427 035 $a(OCoLC)966765219 035 $a(MdBmJHUP)muse51848 035 $a(DE-B1597)478285 035 $a(OCoLC)979756134 035 $a(DE-B1597)9780801467790 035 $a(Au-PeEL)EBL3138427 035 $a(CaPaEBR)ebr10650186 035 $a(CaONFJC)MIL681715 035 $a(EXLCZ)992550000001038595 100 $a20120621d2013 uy 0 101 0 $aeng 135 $aur||||||||||| 181 $ctxt 182 $cc 183 $acr 200 10$aEmperor of the world$b[electronic resource] $eCharlemagne and the construction of imperial authority, 800-1229 /$fAnne A. Latowsky 210 $aIthaca $cCornell University Press$d2013 215 $a1 online resource (305 p.) 300 $aBibliographic Level Mode of Issuance: Monograph 311 $a1-322-50433-4 311 $a0-8014-5148-5 320 $aIncludes bibliographical references and index. 327 $aCarolingian origins -- Relics from the East -- Benzo of Alba's parallel signs -- In praise of Frederick Barbarossa -- The Emperor's Charlemagne -- "Charlemagne and the East" in France. 330 $aCharlemagne never traveled farther east than Italy, but by the mid-tenth century a story had begun to circulate about the friendly alliances that the emperor had forged while visiting Jerusalem and Constantinople. This story gained wide currency throughout the Middle Ages, appearing frequently in chronicles, histories, imperial decrees, and hagiographies-even in stained-glass windows and vernacular verse and prose. In Emperor of the World, Anne A. Latowsky traces the curious history of this myth, revealing how the memory of the Frankish Emperor was manipulated to shape the institutions of kingship and empire in the High Middle Ages.The legend incorporates apocalyptic themes such as the succession of world monarchies at the End of Days and the prophecy of the Last Roman Emperor. Charlemagne's apocryphal journey to the East increasingly resembled the eschatological final journey of the Last Emperor, who was expected to end his reign in Jerusalem after reuniting the Roman Empire prior to the Last Judgment. Instead of relinquishing his imperial dignity and handing the rule of a united Christendom over to God as predicted, this Charlemagne returns to the West to commence his reign. Latowsky finds that the writers who incorporated this legend did so to support, or in certain cases to criticize, the imperial pretentions of the regimes under which they wrote. New versions of the myth would resurface at times of transition and during periods marked by strong assertions of Roman-style imperial authority and conflict with the papacy, most notably during the reigns of Henry IV and Frederick Barbarossa. Latowsky removes Charlemagne's encounters with the East from their long-presumed Crusading context and shows how a story that began as a rhetorical commonplace of imperial praise evolved over the centuries as an expression of Christian Roman universalism. 606 $aLiterature, Medieval$xHistory and criticism 606 $aAuthority in literature 606 $aEast and West in literature 606 $aEast and West$xHistory$yTo 1500 607 $aHoly Roman Empire$xKings and rulers 615 0$aLiterature, Medieval$xHistory and criticism. 615 0$aAuthority in literature. 615 0$aEast and West in literature. 615 0$aEast and West$xHistory 676 $a809/.93351 700 $aLatowsky$b Anne Austin$01528508 801 0$bMiAaPQ 801 1$bMiAaPQ 801 2$bMiAaPQ 906 $aBOOK 912 $a9910779670103321 996 $aEmperor of the world$93772153 997 $aUNINA LEADER 03685nam 22007335 450 001 9910337838603321 005 20251113195813.0 010 $a3-030-20867-2 024 7 $a10.1007/978-3-030-20867-7 035 $a(CKB)4100000008493409 035 $a(DE-He213)978-3-030-20867-7 035 $a(MiAaPQ)EBC5928154 035 $a(PPN)25442077X 035 $a(EXLCZ)994100000008493409 100 $a20190530d2019 u| 0 101 0 $aeng 135 $aurnn|008mamaa 181 $ctxt$2rdacontent 182 $cc$2rdamedia 183 $acr$2rdacarrier 200 10$aMathematical Morphology and Its Applications to Signal and Image Processing $e14th International Symposium, ISMM 2019, Saarbrücken, Germany, July 8-10, 2019, Proceedings /$fedited by Bernhard Burgeth, Andreas Kleefeld, Benoît Naegel, Nicolas Passat, Benjamin Perret 205 $a1st ed. 2019. 210 1$aCham :$cSpringer International Publishing :$cImprint: Springer,$d2019. 215 $a1 online resource (XIV, 19 p. 578 illus., 190 illus. in color.) 225 1 $aImage Processing, Computer Vision, Pattern Recognition, and Graphics,$x3004-9954 ;$v11564 311 08$a3-030-20866-4 320 $aIncludes bibliographical references and index. 327 $aTheory -- Discrete Topology and Tomography -- Trees and Hierarchies -- Multivariate Morphology -- Computational Morphology -- Machine Learning -- Segmentation -- Applications in Engineering -- Applications in (Bio)medical Imaging. 330 $aThis book contains the refereed proceedings of the 14th International Symposium on Mathematical Morphology, ISMM 2019, held in Saarbrücken, Germany, in July 2019. The 40 revised full papers presented together with one invited talk were carefully reviewed and selected from 54 submissions. The papers are organized in topical sections on Theory, Discrete Topology and Tomography, Trees and Hierarchies, Multivariate Morphology, Computational Morphology, Machine Learning, Segmentation, Applications in Engineering, and Applications in (Bio)medical Imaging. 410 0$aImage Processing, Computer Vision, Pattern Recognition, and Graphics,$x3004-9954 ;$v11564 606 $aComputer vision 606 $aComputer science$xMathematics 606 $aElectronic data processing$xManagement 606 $aSoftware engineering 606 $aArtificial intelligence 606 $aComputer Vision 606 $aMathematical Applications in Computer Science 606 $aIT Operations 606 $aSoftware Engineering 606 $aArtificial Intelligence 615 0$aComputer vision. 615 0$aComputer science$xMathematics. 615 0$aElectronic data processing$xManagement. 615 0$aSoftware engineering. 615 0$aArtificial intelligence. 615 14$aComputer Vision. 615 24$aMathematical Applications in Computer Science. 615 24$aIT Operations. 615 24$aSoftware Engineering. 615 24$aArtificial Intelligence. 676 $a621.3670151 676 $a006.60151 702 $aBurgeth$b Bernhard$4edt$4http://id.loc.gov/vocabulary/relators/edt 702 $aKleefeld$b Andreas$4edt$4http://id.loc.gov/vocabulary/relators/edt 702 $aNaegel$b Benoît$4edt$4http://id.loc.gov/vocabulary/relators/edt 702 $aPassat$b Nicolas$4edt$4http://id.loc.gov/vocabulary/relators/edt 702 $aPerret$b Benjamin$4edt$4http://id.loc.gov/vocabulary/relators/edt 801 0$bMiAaPQ 801 1$bMiAaPQ 801 2$bMiAaPQ 906 $aBOOK 912 $a9910337838603321 996 $aMathematical Morphology and Its Applications to Signal and Image Processing$92508173 997 $aUNINA LEADER 03339oam 2200625 c 450 001 9910956003003321 005 20260302090207.0 010 $a9783838274843 010 $a3838274849 024 3 $a9783838274843 035 $a(CKB)4100000011611249 035 $a(MiAaPQ)EBC6406029 035 $a(PPN)259338494 035 $a(ibidem)9783838274843 035 $a(EXLCZ)994100000011611249 100 $a20260302d2021 uy 0 101 0 $aeng 135 $aurcnu|||||||| 181 $ctxt$2rdacontent 182 $cc$2rdamedia 183 $acr$2rdacarrier 200 10$aAt the Fence of Metternich's Garden $eEssays on Europe, Ukraine, and Europeanization /$fMykola Riabchuk, Andreas Umland 205 $a1st ed. 210 $aHannover$cibidem$d2021 215 $a1 online resource (259 pages) 225 0 $aUkrainian Voices$v5 320 $aIncludes bibliographical references (pages 247-250) and index. 327 $aIntro -- Introduction -- Part One European Dreams -- (1) Behind the Fence -- (2) Barbecue in the European Garden -- (3) Ambiguous Borderland -- (4) 'Eurasian' Othering -- (5) Metaphors of Betrayal -- Part Two Maidan and Beyond -- (6) Not-So-Unexpected Nation -- (7) Pluralism by Default -- (8) What's Left of Orange Ukraine? -- (9) The End of Post-Soviet Pragmatism? -- (10) After the Crash -- (11) Maidan 2.0. -- (12) The Fourteenth Worst Place -- (13) Dying for 'Europe' -- (14) Crying Wolf -- (15) Ukraine's Ordeal -- (16) Passions over Federalization 327 $a(17) On the "Wrong" and "Right" Ukrainians -- (18) Turn to the Right-and Back -- Part Three Lessons of Solidarity -- (19) My Polish Schism -- (20) A Fortress of Rules -- (21) Repossessions -- (22) Eight Jews in Search of a Grandfather -- (23) How I Became a 'Czechoslovak' -- (24) On Bridges and Walls -- (25) An Incident -- Bibliography -- Index 330 $aThis collection of essays reflects the personal experience of a Ukrainian intellectual engaged, since his Soviet-time youth, in a painstaking but fascinating process of the both cultural and political ?Europeanization? of his country. The title refers, ironically, to the notorious Chancellor Metternich?s quip that Asia presumably begins at the eastern fence of his garden (or, as another apocryphal version maintains, at the eastern end of the Viennese Landstrasse). This is a story of both exclusion and inclusion, of walls and fences, but also of a longing for freedom and a quest for solidarity. It is a book on different ways of being a ?European??at both the collective and individual level,?despite various challenges or, perhaps, thanks to them. 410 0$aUkrainian voices (Stuttgart, Germany) ;$v5. 606 $aUkraine 606 $aHistory 606 $aGeschichte 606 $aEurope 606 $aEuropa 606 $aPolitics 606 $aPolitik 615 4$aUkraine 615 4$aHistory 615 4$aGeschichte 615 4$aEurope 615 4$aEuropa 615 4$aPolitics 615 4$aPolitik 676 $a947.7 700 $aRiabchuk$b Mykola$4aut$01603874 702 $aUmland$b Andreas$4edt 801 0$bMiAaPQ 801 1$bMiAaPQ 801 2$bMiAaPQ 906 $aBOOK 912 $a9910956003003321 996 $aAt the fence of Metternich's garden$93928449 997 $aUNINA